Modelo para potenciar la capacidad resolutiva en los servicios de radio diagnóstico por imágenes en la subred Hospital México-Hospital San Rafael de Alajuela-Hospital Carlos Luis Valverde Vega de San Ramón a partir de los recursos existentes

שמור ב:
מידע ביבליוגרפי
מחבר ראשי: Cortés Sandí, Natalia
מחברים אחרים: Méndez Morales, Daniel
פורמט: ספר
שפה:Spanish
יצא לאור: [San José, Costa Rica] 2011
נושאים:
תגים: הוספת תג
אין תגיות, היה/י הראשונ/ה לתייג את הרשומה!

MARC

LEADER 00000nam a22000007a 4500
003 010655
005 20221231143932.0
008 151110b2011 cr a|||| |||| 00| 0 spa d
040 |c cru CEDI  
090 |a TFG 6485 
100 |9 2211  |a Cortés Sandí, Natalia  
245 |a  Modelo para potenciar la capacidad resolutiva en los servicios de radio diagnóstico por imágenes en la subred Hospital México-Hospital San Rafael de Alajuela-Hospital Carlos Luis Valverde Vega de San Ramón a partir de los recursos existentes 
260 |a [San José, Costa Rica]  |c  2011 
500 |a Proyecto de graduación (licenciatura en ingeniería industrial)--Universidad de Costa Rica. Facultad de Ingeniería. Escuela de Ingeniería Industrial 
650 |x  HOSPITAL MEXICO (COSTA RICA). SERVICIO DE RADIODIAGNOSTICIO  |x ADMINISTRACION  |x HOSPITAL SAN RAFAEL DE ALAJUELA (COSTA RICA). SERVICIO DE RADIODIAGNOSTICIO  |x HOSPITAL CARLOS LUIS VALVERDE VEGA (SAN RAMÓN, ALAJUELA, COSTA RICA). SERVICIO DE RADIODIAGNOSTICIO  |x RADIODIAGNOSTICO   |x CALIDAD DEL SERVICIO   |x DIAGNOSTICO POR IMAGEN   |x SERVICIOS DE SALUD  |9 2213 
700 |9 2212  |a Méndez Morales, Daniel  
942 |c TFG 
999 |c 14465  |d 14465